000 00307nam a22001337a 4500
008 171222b xxu||||| |||| 00| 0 eng d
020 _a9780971468603
041 _aeng
080 _a82
100 _a21
101 _aGJU
245 _aLOVERS LEGENDS THE GAY GREEK MYTHS
_cANDREW.C
942 _2udc
_cBK
999 _c39302
_d39302